Artisans of Banaras: popular culture and identity, 1880-1986 (Record no. 382596)

000 -LEADER
fixed length control field 00443cam a22001337a 4500
008 - FIXED-LENGTH DATA ELEMENTS--GENERAL INFORMATION
fixed length control field 180718b1995 xxu||||| |||| 00| 0 eng d
082 ## - DEWEY DECIMAL CLASSIFICATION NUMBER
Classification number B11x5421 N638
100 ## - MAIN ENTRY--PERSONAL NAME
Personal name Nita Kumar
245 ## - TITLE STATEMENT
Title Artisans of Banaras: popular culture and identity, 1880-1986
Statement of responsibility, etc. by Nita Kumar
260 ## - PUBLICATION, DISTRIBUTION, ETC.
Place of publication, distribution, etc. Hyderabad
Name of publisher, distributor, etc. Orient Longman
Date of publication, distribution, etc. 1995
300 ## - PHYSICAL DESCRIPTION
Extent 279p.
650 ## - SUBJECT ADDED ENTRY--TOPICAL TERM
Topical term or geographic name entry element Popular culture - India - Banaras, 1880-1986
650 ## - SUBJECT ADDED ENTRY--TOPICAL TERM
Topical term or geographic name entry element Artisans - India - Banaras, 1880-1986
Holdings
Withdrawn status Lost status Damaged status Not for loan Permanent Location Current Location Date acquired Full call number Barcode Date last seen Price effective from Koha item type
        Indian Institute of Public Administration Indian Institute of Public Administration 1997-12-19 B11x5421 N638 72636 2018-07-21 2018-07-21 Book

Powered by Koha